Statistics for Top 50 Least Wealth Countries

Click here to take the quiz!

General Stats

  • This quiz has been taken 34 times
  • The average score is 37 of 50

Answer Stats

WealthCountry% Correct
$1,360Chad
93%
$2,120Afghanistan
90%
$1,420DR Congo
90%
$1,370Niger
90%
$1,840Congo
87%
$3,120Eritrea
87%
$3,860Ethiopia
87%
$2,630Mali
87%
$4,180Rwanda
87%
$2,980Benin
83%
$980Central African Republic
83%
$4,610Liberia
83%
$2,380Malawi
83%
$799Burundi
80%
$3,490Cameroon
80%
$2,940Gambia
80%
$1,620Haiti
80%
$1,720Lesotho
80%
$7,600Nigeria
80%
$1,510Togo
80%
$7,620Yemen
80%
$8,450Zimbabwe
80%
$2,940Mauritania
77%
$6,230Senegal
77%
$809Sierra Leone
77%
$3,090Zambia
77%
$3,700Angola
73%
$6,270Comoros
73%
$3,750Djibouti
73%
$3,930Guinea
73%
$9,490Kenya
73%
$2,140Madagascar
73%
$1,900Guinea-Bissau
70%
$2,390Uganda
70%
$1,560Burkina Faso
67%
$5,260East Timor
67%
$1,110Mozambique
67%
$5,850Pakistan
67%
$1,440Syria
67%
$4,260Tanzania
67%
$8,080Bangladesh
60%
$7,120Cambodia
60%
$6,280Kyrgyzstan
60%
$7,810Laos
60%
$6,060Myanmar
60%
$4,190Nepal
60%
$5,000São Tomé and Principe
60%
$4,600Tajikistan
60%
$7,930Papua New Guinea
57%
$7,310Mongolia
33%

Score Distribution

Percentile by Number Answered

Percent of People with Each Score

Your Score History

You have not taken this quiz